| 000 | 01298nam a2200241Ia 4500 | ||
|---|---|---|---|
| 003 | Ost | ||
| 005 | 20260507075121.0 | ||
| 008 | 260507s9999||||xx |||||||||||||| ||und|| | ||
| 020 | _a4039309961 | ||
| 040 | _cfsecg | ||
| 041 | _aara | ||
| 082 | _a307.10965 | ||
| 100 |
_aبهلول، محمد بلقاسم حسن _eمؤلف |
||
| 245 | 0 |
_aسياسة تخطيط التنمية وإعادة تنظيم مسارها في الجزائر : _bبناء قطاع إقتصادي عمومي رائد / _c محمد بلقاسم حسن بهلول |
|
| 260 |
_aالجزائر: _bديوان المطبوعات الجامعية, _c1999 |
||
| 300 |
_a349 صفحة؛ _bإيضاحات ؛ _c24 سم |
||
| 520 | _aبناء قطاع اقتصادي عمومي رائد- مميزات سياسة التنمية في الجزائر المستقلة- المخطط الثلاثي للتنمية 1967-1969- المخطط الرباعي للتنمية 1970-1973- المخطط الرباعي الثاني للتنمية 1974-1977. | ||
| 653 | _aالتنمية الإقتصادية- الجزائر | ||
| 653 | _aالجزائر- السياسة الإجتماعية | ||
| 653 | _aالجزائر- السياسة الإقتصادية | ||
| 653 | _aعلم الاجتماع الصناعي- الجزائر | ||
| 942 | _cكتاب | ||
| 999 |
_c43079 _d43079 |
||